Geography Quiz

Random Geography or City Quiz

The Ultimate Barcelona Quiz Stats

 Plays Quiz not verified by Sporcle

Score 0/26 Timer 08:00
0 Plays Today
Barcelona-related question Answer % Correct
Along with Spanish, what is the official language spoken in Barcelona?Catalan
93.7%
Barcelona is the second most populated city in Spain after which city (also the Capital)?Madrid
92.7%
Barcelona is located within which autonomous community?Catalonia
89.7%
Barcelona has the 3rd highest annual tourist numbers in Europe behind London and which other city? Paris
86.4%
Barcelona hosted the Summer Olympic games in which year?1992
83.4%
Which stadium is the home of football team F.C. Barcelona?Camp Nou
79.4%
Which Roman Catholic church located in Barcelona began construction in 1882 and is due to complete in 2026?Sagrada Família
77.4%
Barcelona is the largest metropolis located on which body of water?Mediterranean Sea
73.1%
Barcelona is twinned with a number of world cities including Glasgow, Antwerp and which Massachusetts city?Boston
72.8%
How many Districts make up the city of Barcelona?10
68.8%
Which Catalan architect, born in 1852, has most of his unique and distinctive work located in Barcelona?Antoni Gaudí i Cornet
67.8%
The Museu de la Xocolata is a museum dedicated to which confectionery?Chocolate
66.1%
Other than F.C. Barcelona, which current La Liga football team is located in the city of Barcelona?R.C.D Espanyol
65.4%
Barcelona-related question Answer % Correct
Barcelona was the intended location of which well-known French landmark before it was rejected by the people? The Eiffel Tower
65.1%
Which painter, born 1881, spent his early years in Barcelona, a city that houses a museum dedicated to his work?Pablo Picasso
62.1%
Along with other Spanish cities, Barcelona hosted a number of matches during the FIFA World Cup in which year?1982
61.5%
Which busy 1.2km street in central Barcelona is hugley popular with both tourists and locals La Rambla
60.1%
Which Italian explorer appears on a 200ft monument scuplted by Rafael Atché?Christopher Columbus
58.8%
The city of Barcelona is located within which province?Province of Barcelona
48.5%
Which patron saint of the Crown of Aragon is celebrated on 23 April?Saint George
30.9%
Which rocky range located near Barcelona shares its name with a British Overseas Territory in the Lesser Antilles?Montserrat
27.9%
Which neighbourhood in the heart of the old city contains buildings dating from the 20th century to Roman times?The Gothic Quarter
24.6%
Which World Heritage Site, also referred to as 'La Pedrera', is known for its rough-hewn appearence?Casa Milà
21.6%
Which arch was built by Josep Vilaseca i Casanovas in 1888 as the access gate for the World Fair of that year?Arc de Triomf
19.6%
What is the annual festival of Barcelona that has taken place in late-September since 1871?La Mercè
16.6%
Barcelona is located between the Llobregat river to the Southwest, and which other river to the North?Besòs River
15.9%

You're not logged in!

Compare scores with friends on all Sporcle quizzes.
Join for Free
OR
Log In

You Might Also Like...

Show Comments

Extras

Top Quizzes Today


Score Distribution

Your Account Isn't Verified!

In order to create a playlist on Sporcle, you need to verify the email address you used during registration. Go to your Sporcle Settings to finish the process.

Report this User

Report this user for behavior that violates our Community Guidelines.

Details: